[Event "18th Unive Open 2014"]
[Site "Hoogeveen NED"]
[Date "2014.10.12"]
[Round "2.15"]
[White "Ernst, Sipke"]
[Black "Mijnheer, Peter"]
[Result "1-0"]
[WhiteTitle "GM"]
[WhiteElo "2555"]
[BlackElo "2169"]
[WhiteFideId "1004689"]
[BlackFideId "1007408"]
[EventDate "2014.10.11"]

1. d4 Nf6 2. Bg5 Ne4 3. Bf4 c5 4. f3 Qa5+ 5. c3 Nf6 6. d5 d6 7. e4 g6 8. Na3 Bg7
9. Nc4 Qd8 10. a4 O-O 11. Bd3 Na6 12. Ne2 Nc7 13. O-O b6 14. Rc1 Ba6 15. b4 Bxc4
16. Bxc4 Nd7 17. Be3 Kh8 18. Kh1 Nf6 19. Bb3 Qd7 20. Qd2 Rad8 21. Rfd1 Rfe8 22.
Qa2 Qc8 23. Nf4 Nd7 24. Bc4 a6 25. Bf1 Ne5 26. a5 Qb8 27. axb6 Qxb6 28. Rb1 Qa7
29. bxc5 dxc5 30. Qa5 Nd7 31. Nd3 Rc8 32. Nxc5 Na8 33. Qxa6 Qxa6 34. Nxa6 Rxc3
35. Bd2 Rcc8 36. Bb5 Nab6 37. Ba5 Rf8 38. Bc6 1-0

[Event "18th Unive Open 2014"]
[Site "Hoogeveen NED"]
[Date "2014.10.12"]
[Round "2.16"]
[White "Hummel, Paul"]
[Black "Stocek, Jiri"]
[Result "0-1"]
[BlackTitle "GM"]
[WhiteElo "2027"]
[BlackElo "2551"]
[WhiteFideId "1021168"]
[BlackFideId "304760"]
[EventDate "2014.10.11"]

1. Nf3 d6 2. d4 Bg4 3. h3 Bh5 4. Bf4 Nd7 5. g4 Bg6 6. c4 e5 7. Bg3 Be7 8. e3
Ngf6 9. Nc3 exd4 10. Qxd4 Nc5 11. O-O-O Nfe4 12. Nxe4 Bxe4 13. Be2 Bf6 14. Qd2
Na4 15. Nd4 Bxh1 16. Rxh1 O-O 17. b3 Nc5 18. Bf3 Rb8 19. h4 Be5 20. Nf5 Bxg3 21.
Nxg3 Qf6 0-1

[Event "18th Unive Open 2014"]
[Site "Hoogeveen NED"]
[Date "2014.10.12"]
[Round "2.17"]
[White "Romanishin, Oleg M"]
[Black "Mueer, Sebastian"]
[Result "1-0"]
[WhiteTitle "GM"]
[WhiteElo "2490"]
[BlackElo "2185"]
[WhiteFideId "14100088"]
[BlackFideId "24622001"]
[EventDate "2014.10.11"]

1. d4 Nf6 2. Nf3 e6 3. g3 c5 4. Bg2 cxd4 5. Nxd4 d5 6. O-O e5 7. Nb3 Be6 8. Nc3
Nc6 9. Bg5 d4 10. Ne4 Be7 11. Bxf6 gxf6 12. c3 Bd5 13. cxd4 f5 14. Nec5 Bxg2 15.
Kxg2 exd4 16. Rc1 Qd5+ 17. Kg1 h5 18. Qd3 b6 19. Na6 Kd7 20. Rxc6 Kxc6 21. Rc1+
Kd7 22. Nc7 Qe5 23. Nxa8 Rxa8 24. Nxd4 1-0

[Event "18th Unive Open 2014"]
[Site "Hoogeveen NED"]
[Date "2014.10.12"]
[Round "2.18"]
[White "Schoorl, Rob"]
[Black "Hoffman, Ron"]
[Result "1/2-1/2"]
[WhiteTitle "FM"]
[WhiteElo "2330"]
[BlackElo "2086"]
[WhiteFideId "1009508"]
[BlackFideId "1007599"]
[EventDate "2014.10.11"]

1. e4 Nc6 2. Nf3 d6 3. d4 Nf6 4. Nc3 g6 5. h3 Bg7 6. Bb5 O-O 7. O-O a6 8. Bxc6
bxc6 9. Re1 Nd7 10. Bg5 c5 11. e5 f6 12. dxc5 Bb7 13. exd6 exd6 14. Be3 Nxc5 15.
Bxc5 dxc5 16. Qe2 Qb8 17. Nd2 Rd8 18. Nb3 Bc8 19. Qc4+ Kh8 20. Qf7 Bf5 21. Re7
Rg8 22. Rae1 g5 23. Nd5 Qf8 24. Nxc5 Qxf7 25. Rxf7 Bxc2 26. Rxc7 Rgd8 27. Nb4
Bf5 28. g4 Bg6 29. Ne6 Re8 30. Rxg7 Rxe6 31. Rxe6 Kxg7 32. Rxa6 Rd8 33. Re6 Rd4
34. a3 Be4 35. f3 Bxf3 36. Re3 Be4 37. Re2 Rd1+ 38. Kf2 f5 39. Na2 Bd3 40. Re7+
Kf6 41. Rxh7 fxg4 42. Rh6+ Kg7 43. Rh5 Rd2+ 44. Ke3 Rxb2 45. Kxd3 Rxa2 46. Rxg5+
Kh6 47. Rxg4 Rxa3+ 48. Ke4 Rxh3 1/2-1/2

[Event "18th Unive Open 2014"]
[Site "Hoogeveen NED"]
[Date "2014.10.12"]
[Round "2.19"]
[White "Tondivar, Babak"]
[Black "Fluit, Johnny"]
[Result "1/2-1/2"]
[WhiteTitle "FM"]
[WhiteElo "2288"]
[BlackElo "2108"]
[WhiteFideId "12501239"]
[BlackFideId "1016253"]
[EventDate "2014.10.11"]

1. d4 d5 2. Nf3 Nf6 3. c4 c6 4. cxd5 cxd5 5. Nc3 Nc6 6. Bf4 a6 7. Rc1 e6 8. e3
Qb6 9. Rb1 Be7 10. h3 O-O 11. Bd3 Bd7 12. O-O Rfc8 13. a3 Be8 14. Qe2 Nh5 15.
Bh2 g6 16. Rbc1 Na5 17. e4 dxe4 18. Nxe4 Nb3 19. Rcd1 Rd8 20. Bc4 Nf6 21. Nxf6+
Bxf6 22. Be5 Bxe5 23. Qxe5 Na5 24. b3 Bb5 25. Bxb5 Qxb5 26. Qf4 1/2-1/2

[Event "18th Unive Open 2014"]
[Site "Hoogeveen NED"]
[Date "2014.10.12"]
[Round "2.20"]
[White "Buckels, Valentin"]
[Black "Vedder, Richard"]
[Result "1/2-1/2"]
[BlackTitle "FM"]
[WhiteElo "2179"]
[BlackElo "2277"]
[WhiteFideId "12942766"]
[BlackFideId "1004166"]
[EventDate "2014.10.11"]

1. d4 Nf6 2. c4 g6 3. Nf3 Bg7 4. g3 O-O 5. Bg2 d5 6. cxd5 Nxd5 7. O-O Nb6 8. Nc3
Nc6 9. d5 Na5 10. Qc2 Nxd5 11. Rd1 c6 12. Ne1 Bd7 13. Nxd5 cxd5 14. Rxd5 e6 15.
Rd3 Rc8 16. Qd1 Rc7 17. Bf4 e5 18. Bd2 Nc4 19. Bc3 Re8 20. Nc2 e4 21. Rd4 Bxd4
22. Qxd4 Ne5 23. Ne3 Rxc3 24. bxc3 Bc6 25. Rd1 Qa5 26. Bxe4 Qxa2 27. f4 Bxe4 28.
Qxe4 f5 29. Qd5+ Qxd5 30. Nxd5 Nd7 31. Nc7 Re7 32. Nb5 a6 33. Nd6 Nc5 34. Rd5
Na4 35. c4 Nc3 36. Re5 Rxe5 37. fxe5 Nxe2+ 38. Kf2 Nd4 39. Nxb7 Kf7 40. Ke3 Nc6
41. Nc5 a5 42. Kf4 Nd4 43. Ke3 Nc2+ 44. Kd3 Nb4+ 45. Kd4 g5 46. h3 Ke7 47. g4
Nc6+ 48. Kd5 f4 49. Ke4 h6 50. h4 f3 51. Kxf3 Nxe5+ 52. Kg3 Nxc4 53. hxg5 hxg5
54. Kf3 Kd6 55. Ne4+ Kd5 56. Nxg5 a4 57. Ne4 Kd4 58. g5 a3 59. g6 a2 60. g7 a1=Q
61. g8=Q Ne5+ 62. Ke2 Qa6+ 63. Kf2 Kxe4 64. Qh7+ Ng6 65. Qh1+ Ke5 66. Qh5+ Kf6
67. Qf3+ Kg7 68. Qc3+ Qf6+ 69. Qxf6+ Kxf6 1/2-1/2

[Event "18th Unive Open 2014"]
[Site "Hoogeveen NED"]
[Date "2014.10.12"]
[Round "2.21"]
[White "Hendriks, Richard"]
[Black "Kasparov, Sergey"]
[Result "1/2-1/2"]
[BlackTitle "GM"]
[WhiteElo "2110"]
[BlackElo "2484"]
[WhiteFideId "1006096"]
[BlackFideId "13500481"]
[EventDate "2014.10.11"]

1. e4 d5 2. exd5 Qxd5 3. Nc3 Qd6 4. d4 Nf6 5. Nge2 c6 6. Bf4 Qd8 7. Ng3 Nbd7 8.
Be2 Nb6 9. O-O g6 10. Nce4 Nxe4 11. Nxe4 Bg7 12. c3 Nd5 13. Bg5 O-O 14. Qd2 Re8
15. h4 Bf5 16. Ng3 Be6 17. h5 f6 18. Bh6 Qc7 19. Bd3 Bxh6 20. Qxh6 Qf4 21. Qxf4
Nxf4 22. Bc2 Nxh5 23. Nxh5 gxh5 24. Rfe1 Bf7 25. Re3 e5 26. dxe5 fxe5 27. Rae1
Rad8 28. R1e2 Kg7 29. Bb3 Rd6 30. f4 Bxb3 31. axb3 Rd1+ 32. Kh2 e4 33. Rxe4 Rxe4
34. Rxe4 Kf6 35. Re2 b5 36. b4 h4 37. Re5 Rd5 38. Re8 Kf5 39. Re7 Kxf4 40. Rxa7
h6 41. Ra6 Rd6 42. c4 bxc4 43. b5 Ke5 44. bxc6 Rd8 45. Kh3 Kd6 46. Kxh4 Rb8 47.
c7+ Kxc7 48. Ra4 Rxb2 49. Rxc4+ Kd7 50. Kh5 1/2-1/2

[Event "18th Unive Open 2014"]
[Site "Hoogeveen NED"]
[Date "2014.10.12"]
[Round "2.22"]
[White "Sadallah, Osama"]
[Black "Franco Alonso, Alejandro"]
[Result "0-1"]
[BlackTitle "IM"]
[WhiteElo "2108"]
[BlackElo "2454"]
[WhiteFideId "1002350"]
[BlackFideId "2214067"]
[EventDate "2014.10.11"]

1. d4 Nf6 2. Bg5 Ne4 3. Bf4 d5 4. e3 c5 5. Bd3 Nf6 6. dxc5 Nc6 7. Nf3 Bg4 8. Bb5
e6 9. b4 Nd7 10. Bxc6 bxc6 11. h3 Bxf3 12. Qxf3 a5 13. bxa5 Qxa5+ 14. c3 Nxc5
15. O-O Nb3 16. axb3 Qxa1 17. e4 Be7 18. exd5 cxd5 19. c4 dxc4 20. Qc6+ Kf8 21.
bxc4 Qa6 22. Qf3 Rc8 23. Nd2 Qc6 24. Qg3 f6 25. Ra1 e5 26. Be3 Kf7 27. Ra7 Rc7
28. Rxc7 Qxc7 29. Qh4 h6 30. c5 Qc6 31. Qh5+ g6 32. Qh4 Qd5 33. Qb4 Rd8 34. Ne4
Kg7 35. Nc3 Qc6 36. Qh4 h5 37. Qc4 Rc8 38. Na4 Rc7 39. Kh1 Rc8 40. f4 Rd8 41.
fxe5 fxe5 42. Nc3 Bf6 43. Kh2 e4 44. Bf4 g5 45. Be3 Rd3 0-1

[Event "18th Unive Open 2014"]
[Site "Hoogeveen NED"]
[Date "2014.10.12"]
[Round "2.23"]
[White "Rudolf, Anna"]
[Black "Den Hartog, Marijn"]
[Result "1-0"]
[WhiteTitle "WGM"]
[WhiteElo "2314"]
[BlackElo "2127"]
[WhiteFideId "722855"]
[BlackFideId "1046098"]
[EventDate "2014.10.11"]

1. e4 e6 2. d4 d5 3. Nc3 Nf6 4. Bg5 dxe4 5. Nxe4 Nbd7 6. Nf3 h6 7. Nxf6+ Nxf6 8.
Be3 Be7 9. Bd3 O-O 10. Qd2 c5 11. dxc5 Qc7 12. O-O-O Nd5 13. Bd4 Bxc5 14. Kb1
Bxd4 15. Nxd4 Bd7 16. c3 Rad8 17. Bc2 e5 18. Qd3 g6 19. Nb5 Bxb5 20. Qxb5 Ne7
21. h4 h5 22. Rhe1 Nc6 23. Qc4 Rxd1+ 24. Rxd1 Rd8 25. Rd5 Rxd5 26. Qxd5 Qd8 27.
Bb3 Qe7 28. Qe4 Qd6 29. Qf3 Qe7 30. Bd5 Qd7 31. a3 Kg7 32. Qe4 Qd6 33. f3 Qc5
34. Ka2 a6 35. g4 f5 36. gxf5 gxf5 37. Qd3 Kf6 38. Qd2 f4 39. Bb3 Qe7 40. Qg2
Qg7 41. Qd2 Ke7 42. Qd3 Qh8 43. Qg6 Nd8 44. Bd5 Kd7 45. Bg8 Kc7 46. Bh7 Qf8 47.
Qxh5 Qd6 48. Bg8 Kb6 49. Qf5 Ka7 50. h5 Nc6 51. Qe6 Qxe6+ 52. Bxe6 Ne7 53. h6
Ng6 54. Kb3 Kb6 55. Kc4 Kc6 56. Bd5+ Kc7 57. Be4 1-0

[Event "18th Unive Open 2014"]
[Site "Hoogeveen NED"]
[Date "2014.10.12"]
[Round "2.24"]
[White "Van der Lende, Ilias"]
[Black "Lesmann, Francis"]
[Result "1-0"]
[WhiteElo "2277"]
[BlackElo "2090"]
[WhiteFideId "1019260"]
[BlackFideId "1001949"]
[EventDate "2014.10.11"]

1. e4 c6 2. d4 d5 3. e5 Bf5 4. Nf3 e6 5. Be2 Ne7 6. O-O c5 7. c3 Nec6 8. Be3 Nd7
9. Nbd2 Be7 10. a3 O-O 11. Re1 cxd4 12. cxd4 f6 13. exf6 Bxf6 14. b4 e5 15. Qb3
Be6 16. dxe5 Ndxe5 17. Rad1 Bf7 18. Nxe5 Bxe5 19. Nf3 d4 20. Bc4 Bf6 21. Bxf7+
Rxf7 22. b5 Qb6 23. Bg5 Rd8 24. a4 Na5 25. Qa2 Qc5 26. Ne5 Bxe5 27. Bxd8 Nc4 28.
Rc1 d3 29. Rxc4 d2 30. Qxd2 1-0

[Event "18th Unive Open 2014"]
[Site "Hoogeveen NED"]
[Date "2014.10.12"]
[Round "2.25"]
[White "Hovenga, Alje"]
[Black "Henseler, Jorgen"]
[Result "0-1"]
[WhiteElo "2201"]
[BlackElo "2085"]
[WhiteFideId "1005812"]
[BlackFideId "1023233"]
[EventDate "2014.10.11"]

1. d4 d5 2. c4 c6 3. Nf3 Nf6 4. Nc3 e6 5. Bg5 dxc4 6. a4 Bb4 7. e4 Qa5 8. Bd2
Nbd7 9. Bxc4 O-O 10. O-O e5 11. Qe2 exd4 12. Nxd4 Ne5 13. h3 Qc5 0-1

[Event "18th Unive Open 2014"]
[Site "Hoogeveen NED"]
[Date "2014.10.12"]
[Round "2.26"]
[White "Bakels, Anton"]
[Black "Pranav Vijay"]
[Result "0-1"]
[WhiteElo "2056"]
[BlackElo "2197"]
[WhiteFideId "1046187"]
[BlackFideId "5091640"]
[EventDate "2014.10.11"]

1. e4 c6 2. d4 d5 3. Nc3 dxe4 4. Nxe4 Bf5 5. Ng3 Bg6 6. Nh3 e6 7. Nf4 Bd6 8. h4
Qc7 9. Nxg6 hxg6 10. Ne4 Bf4 11. g3 Bxc1 12. Qxc1 Ne7 13. Bg2 Nd7 14. Ng5 Nf6
15. c3 Nf5 16. Qc2 O-O-O 17. O-O-O Rd7 18. Ne4 Nxe4 19. Qxe4 Rhd8 20. Qe2 Kb8
21. Rhe1 Rd6 22. Be4 Qa5 23. a3 Qb6 24. Bxf5 gxf5 25. Qe5 g6 26. f4 Qb3 27. Qe2
Kc8 28. Qc2 Qa2 29. Re5 b6 30. Qa4 Kb7 31. Kc2 c5 32. Re3 cxd4 33. Rxd4 Rxd4 34.
cxd4 Qd5 35. Rd3 Qe4 36. Kd2 a6 37. Qb4 Rd7 38. a4 a5 39. Qc4 Rc7 40. Qb3 Qg2+
41. Ke1 Rc2 0-1

[Event "18th Unive Open 2014"]
[Site "Hoogeveen NED"]
[Date "2014.10.12"]
[Round "2.27"]
[White "Clemens, Adrian"]
[Black "Smeets, Pierre"]
[Result "1/2-1/2"]
[WhiteTitle "FM"]
[WhiteElo "2195"]
[BlackElo "2044"]
[WhiteFideId "1006487"]
[BlackFideId "1043820"]
[EventDate "2014.10.11"]

1. d4 d5 2. c4 c6 3. Nc3 Nf6 4. e3 e6 5. Nf3 Bd6 6. Bd3 Nbd7 7. e4 dxe4 8. Nxe4
Nxe4 9. Bxe4 Nf6 10. Bc2 c5 11. O-O O-O 12. Bg5 h6 13. Bh4 cxd4 14. Qxd4 Be7 15.
Qc3 Bd7 16. Rad1 Qc7 17. Bxf6 Bxf6 18. Qd3 Rfd8 19. Qh7+ Kf8 20. b3 Bc6 21. Be4
Ke7 22. Bxc6 Qxc6 23. Qc2 b5 24. Qe2 b4 25. h3 a5 26. Ne5 Qc7 27. f4 Rxd1 28.
Rxd1 Rd8 29. Rxd8 Kxd8 30. Qe4 Bxe5 31. Qxe5 Qxe5 32. fxe5 Kd7 33. Kf2 Kc6 34.
Ke3 Kc5 35. g4 g5 36. Ke4 Kb6 37. Kd3 Kc5 38. Ke3 Kb6 39. Kd4 1/2-1/2

[Event "18th Unive Open 2014"]
[Site "Hoogeveen NED"]
[Date "2014.10.12"]
[Round "2.28"]
[White "Groetzbach, Daniel"]
[Black "Van Osch, Mees"]
[Result "0-1"]
[WhiteElo "1976"]
[BlackElo "2188"]
[WhiteFideId "24692166"]
[BlackFideId "1035967"]
[EventDate "2014.10.11"]

1. e4 c5 2. Nf3 d6 3. d4 cxd4 4. Nxd4 Nf6 5. Nc3 Nc6 6. Bg5 Bd7 7. f3 Nxd4 8.
Qxd4 Qa5 9. Bd2 Rc8 10. Nb5 Qb6 11. Qxb6 axb6 12. O-O-O Bc6 13. Bc3 Nd7 14. Be2
Rg8 15. g4 g6 16. g5 Nc5 17. h4 Ne6 18. Nd4 Bg7 19. Nb5 h6 20. Rhg1 hxg5 21.
Bxg7 Rxg7 22. hxg5 Bxb5 23. Bxb5+ Kd8 24. b4 Rc3 25. e5 Kc7 26. Rg4 dxe5 27.
Rd7+ Kb8 28. Rxe7 Rc7 29. Re8+ Rc8 30. Re7 Nd4 31. Rxe5 Rxc2+ 32. Kb1 Nxf3 33.
Re8+ Rc8 34. Re3 Nd2+ 35. Kb2 Rh7 36. Re2 Nf3 37. Bd7 Rd8 38. Re8 Kc7 39. Ba4
Rxe8 40. Bxe8 Kd8 41. Bb5 Rh4 42. Rxh4 Nxh4 43. Bc4 Ke7 44. Bd5 Nf5 45. Bxb7 Kd6
46. a4 Nd4 47. Kc3 Ne6 48. Kc4 Nxg5 49. Kb5 Kc7 50. Bd5 Ne6 51. a5 Nd4+ 52. Kc4
Nf5 53. Bf3 g5 54. a6 g4 55. Bh1 Kb8 56. b5 g3 57. Kd5 Ne3+ 58. Ke5 g2 59. Bxg2
Nxg2 60. Kf6 Nf4 61. Kxf7 Ka7 62. Ke7 Ne2 0-1

[Event "18th Unive Open 2014"]
[Site "Hoogeveen NED"]
[Date "2014.10.12"]
[Round "2.29"]
[White "Goossens, Hanne"]
[Black "Hummel, Joop"]
[Result "0-1"]
[WhiteTitle "WFM"]
[WhiteElo "2187"]
[BlackElo "1975"]
[WhiteFideId "200468"]
[BlackFideId "1012126"]
[EventDate "2014.10.11"]

1. e4 c5 2. Nf3 d6 3. d4 cxd4 4. Nxd4 Nf6 5. Nc3 a6 6. Bc4 e6 7. O-O Be7 8. a4
Bd7 9. a5 Nc6 10. Nb3 Ne5 11. Be2 Bc6 12. f4 Ng6 13. Bd3 Qc7 14. Be3 Rc8 15. Nd4
Bd7 16. Qe2 O-O 17. h3 e5 18. Nf5 Bxf5 19. exf5 Nxf4 20. Bxf4 exf4 21. Rxf4 d5
22. Qf3 Rfe8 23. Rfa4 Bc5+ 24. Kh1 Re3 25. Qf4 Qe7 26. Qf1 Qe5 27. Qf4 Qe7 28.
Qh4 Bd6 29. Rf1 Qe5 30. Raf4 Re8 31. Ne2 Rxe2 32. Bxe2 Qxe2 33. R4f2 Qe5 34. g4
Qe4+ 35. Rf3 Qxc2 36. R3f2 Qe4+ 37. Rg2 d4 38. Qf2 Nd5 39. f6 Ne3 40. Re1 Re6
41. g5 Qxg2+ 0-1

[Event "18th Unive Open 2014"]
[Site "Hoogeveen NED"]
[Date "2014.10.12"]
[Round "2.30"]
[White "Weidmann, Kevin"]
[Black "Majhi, Ankit"]
[Result "0-1"]
[WhiteElo "1883"]
[BlackElo "2172"]
[WhiteFideId "12939994"]
[BlackFideId "1033735"]
[EventDate "2014.10.11"]

1. e4 c5 2. Nf3 d6 3. d4 cxd4 4. Nxd4 Nf6 5. Nc3 a6 6. Bc4 e6 7. Bb3 Nbd7 8. Bg5
Qa5 9. Qd2 b5 10. f3 Bb7 11. O-O-O Be7 12. Kb1 b4 13. Nce2 Nxe4 14. fxe4 Bxg5
15. Qe1 Nc5 16. a3 Nxb3 17. Nxb3 Qc7 18. Qxb4 Rc8 19. Nc3 Bf4 20. Na5 Ba8 21.
Rd4 O-O 22. g3 Be5 23. Rc4 Qa7 24. Rd1 Rb8 25. Qa4 Qf2 26. Nc6 Bxc6 27. Qxc6
Qxh2 28. Qxa6 Qxg3 29. Rd3 Qe1+ 30. Ka2 Qc1 31. Rb4 Qxc2 32. Rh3 g5 33. Nb5 Kg7
34. Nxd6 Qxb2+ 35. Rxb2 Rxb2+ 0-1

[Event "18th Unive Open 2014"]
[Site "Hoogeveen NED"]
[Date "2014.10.12"]
[Round "2.31"]
[White "Groetzbach, Julian"]
[Black "Oord, Raymon"]
[Result "0-1"]
[WhiteElo "2169"]
[BlackElo "1841"]
[WhiteFideId "24600938"]
[BlackFideId "1046110"]
[EventDate "2014.10.11"]

1. e4 b6 2. d4 Bb7 3. Bd3 e6 4. Nf3 c5 5. O-O Nf6 6. Re1 Be7 7. Nc3 O-O 8. e5
Ne8 9. dxc5 bxc5 10. Ne4 f5 11. Ned2 Nc6 12. Nc4 Nb4 13. a3 Nxd3 14. cxd3 Nc7
15. Nd6 Bxf3 16. Qxf3 Bxd6 17. exd6 Nd5 18. Bf4 Nxf4 19. Qxf4 Qb6 20. Rac1 Qxb2
21. Rxc5 Qxa3 22. Rc7 Rfd8 23. Qd4 a5 24. h3 Qb4 25. Qe5 Ra6 26. Rxd7 Rxd7 27.
Qxe6+ Rf7 28. Qc8+ Rf8 29. Re8 Qe1+ 30. Rxe1 Rxc8 31. d7 Rf8 32. Re8 Ra8 0-1

[Event "18th Unive Open 2014"]
[Site "Hoogeveen NED"]
[Date "2014.10.12"]
[Round "2.32"]
[White "Elgersma, Simon"]
[Black "Gieben, Stijn"]
[Result "0-1"]
[WhiteElo "1747"]
[BlackElo "2157"]
[WhiteFideId "1046101"]
[BlackFideId "1034170"]
[EventDate "2014.10.11"]

1. e4 c5 2. Nf3 e6 3. d4 cxd4 4. Nxd4 a6 5. Nc3 b5 6. Bd3 Qb6 7. Nb3 Qc7 8. O-O
Bb7 9. Be3 Nf6 10. f4 d6 11. Qe2 Nbd7 12. a3 Be7 13. Nd4 Nc5 14. Bf2 e5 15. Nf5
Ne6 16. fxe5 dxe5 17. Nxe7 Qxe7 18. Be3 O-O 19. Nd5 Bxd5 20. exd5 Nxd5 21. Qh5
f5 22. Rxf5 Rxf5 23. Qxf5 Nf8 24. Bd4 Ng6 25. Be4 Rd8 26. Rf1 Ndf4 27. Bf2 Rf8
28. Qg4 h5 29. Qf3 Qg5 30. Bxg6 Qxg6 31. Be3 e4 32. Qxf4 Rxf4 33. Rxf4 Qc6 34.
Rf2 Qe6 35. Rd2 Kf7 36. Rf2+ Ke7 37. Bc5+ Kd7 38. Rd2+ Kc7 39. Bd6+ Kc6 40. Bf4
Qf7 41. Be3 Qa2 42. c3 Qf7 43. Rd4 Qa2 44. Rd2 a5 45. Kf2 Qf7+ 46. Ke2 Qg6 47.
Kf2 Qf5+ 48. Ke1 Qe5 49. g3 g5 50. Bd4 Qe6 51. Rf2 Kd5 52. Rf6 Qh3 53. Rf2 Kc4
54. Ke2 Kb3 55. Ke3 Qg4 56. Bb6 Qd7 57. Bd4 Qe6 58. Rd2 Qg4 59. Rf2 a4 60. Bc5
Kc4 61. Bd4 Kd5 62. Bb6 Ke5 63. Bd4+ Ke6 64. Bc5 Qd1 65. Re2 Kd5 66. Bd4 Kc4 67.
Ba7 Qg1+ 68. Rf2 h4 69. gxh4 Qe1+ 70. Re2 Qxh4 71. Bd4 Qf4# 0-1

[Event "18th Unive Open 2014"]
[Site "Hoogeveen NED"]
[Date "2014.10.12"]
[Round "2.33"]
[White "Schoehuijs, Erik"]
[Black "De Boer, Eelke"]
[Result "1-0"]
[WhiteElo "2160"]
[BlackElo "1795"]
[WhiteFideId "1004425"]
[BlackFideId "1048120"]
[EventDate "2014.10.11"]

1. d4 f5 2. g3 Nf6 3. Bg2 g6 4. c4 Bg7 5. Nc3 d6 6. Nf3 O-O 7. O-O Qe8 8. d5 a5
9. Nd4 Na6 10. Be3 Bd7 11. Ne6 Bxe6 12. dxe6 c6 13. Na4 Nc7 14. Qb3 Nxe6 15.
Qxb7 Ne4 16. Qb3 Rb8 17. Qc2 d5 18. Bb6 Qf7 19. Rad1 Rfc8 20. Qd3 dxc4 21. Qxc4
Nd6 22. Qc2 Nf8 23. b3 Nd7 24. Bxa5 Rb5 25. Bc3 Bxc3 26. Qxc3 Nf6 27. Qd3 Nfe4
28. Nc3 Rb4 29. Nxe4 Nxe4 30. Qd7 Qe8 31. Qxe8+ Rxe8 32. Rc1 Ra8 33. Rc2 Rd4 34.
e3 Rd3 35. Rfc1 Kf7 36. Bf1 Rd6 37. a4 Rad8 38. Be2 Kg7 39. Rxc6 Rd2 40. R6c2
Kf6 41. b4 Rxc2 42. Rxc2 Ke6 43. a5 Rb8 44. b5 Kd6 45. a6 e5 46. a7 Ra8 47. b6
Nc5 48. Rxc5 1-0

[Event "18th Unive Open 2014"]
[Site "Hoogeveen NED"]
[Date "2014.10.13"]
[Round "3.1"]
[White "Vovk, Andrey"]
[Black "Hambleton, Aman"]
[Result "1/2-1/2"]
[WhiteTitle "GM"]
[BlackTitle "IM"]
[WhiteElo "2637"]
[BlackElo "2456"]
[WhiteFideId "14114470"]
[BlackFideId "2606577"]
[EventDate "2014.10.11"]

1. e4 c5 2. Nf3 e6 3. d4 cxd4 4. Nxd4 a6 5. Bd3 Nf6 6. Qe2 d6 7. f4 Nbd7 8. Nb3
Qc7 9. g4 g6 10. Bd2 Bg7 11. Nc3 b6 12. O-O-O Bb7 13. Rhf1 b5 14. a3 O-O 15. g5
Nh5 16. f5 Be5 17. Qg4 Rfe8 18. Qh4 exf5 19. exf5 Nc5 20. Qh3 Nxd3+ 21. Qxd3
Rac8 22. Rf2 Ng7 23. fxg6 hxg6 24. Rdf1 Nf5 25. Rxf5 gxf5 26. Qxf5 Re6 27. h4
Rce8 28. h5 Bh8 29. Nd5 Bxd5 30. Qxd5 Qc4 31. Qf3 Re2 32. g6 fxg6 33. hxg6 Rc8
34. Qf7+ Qxf7 35. gxf7+ Kf8 36. Bh6+ Bg7 37. Bxg7+ Kxg7 38. Nd4 Re5 39. Nf5+ Kf8
40. Rg1 Rcc5 41. Nxd6 Rg5 42. Rh1 Rh5 43. Rg1 Rhg5 44. Rh1 Rh5 45. Rg1 Rhg5 1/2-1/2

[Event "18th Unive Open 2014"]
[Site "Hoogeveen NED"]
[Date "2014.10.13"]
[Round "3.2"]
[White "Antoli Royo, Joaquin Miguel"]
[Black "Beliavsky, Alexander G"]
[Result "0-1"]
[WhiteTitle "IM"]
[BlackTitle "GM"]
[WhiteElo "2450"]
[BlackElo "2618"]
[WhiteFideId "2259532"]
[BlackFideId "14602377"]
[EventDate "2014.10.11"]

1. e4 e5 2. Nf3 Nc6 3. Nc3 Nf6 4. d4 exd4 5. Nd5 Bc5 6. Bc4 h6 7. O-O d6 8. a3
a5 9. Ba2 O-O 10. Re1 Re8 11. h3 Nxd5 12. Bxd5 Qf6 13. Kh1 Ne5 14. Nxd4 c6 15.
Ba2 Ng4 16. Be3 Nxe3 17. fxe3 Qe5 18. Rf1 Be6 19. Nxe6 fxe6 20. Qg4 d5 21. exd5
exd5 22. c4 Bd6 23. Qf4 Qxf4 24. exf4 Re2 25. cxd5 c5 26. Bc4 Rxb2 27. Rab1 Rc2
28. Bd3 Rd2 29. Bf5 c4 30. Rxb7 Rf8 31. Be6+ Kh8 32. g3 c3 33. Rb3 c2 34. Rc3
Be5 35. Rc4 Bb2 36. Kg1 Bxa3 37. f5 a4 38. Bd7 c1=Q 0-1

[Event "18th Unive Open 2014"]
[Site "Hoogeveen NED"]
[Date "2014.10.13"]
[Round "3.3"]
[White "Roiz, Michael"]
[Black "Ris, Robert"]
[Result "1/2-1/2"]
[WhiteTitle "GM"]
[BlackTitle "IM"]
[WhiteElo "2585"]
[BlackElo "2427"]
[WhiteFideId "2804158"]
[BlackFideId "1011480"]
[EventDate "2014.10.11"]

1. Nf3 c5 2. e4 d6 3. d4 Nf6 4. Bb5+ Nbd7 5. O-O cxd4 6. Qxd4 e5 7. Qd3 h6 8. c4
a6 9. Bxd7+ Bxd7 10. Nc3 Qb8 11. a4 Be7 12. b3 O-O 13. Ba3 Re8 14. Rfd1 b5 15.
Bxd6 Bxd6 16. Qxd6 bxc4 17. bxc4 Qa7 18. Qd3 Rac8 19. a5 Be6 20. Nd5 Qc5 21. Nd2
Nd7 22. h3 Kh7 23. Rdc1 Rc6 24. Nf1 Rb8 25. Nfe3 Qd4 26. Qxd4 exd4 27. Nf1 Ne5
28. Nb6 Nxc4 29. Nxc4 1/2-1/2

[Event "18th Unive Open 2014"]
[Site "Hoogeveen NED"]
[Date "2014.10.13"]
[Round "3.5"]
[White "Heberla, Bartlomiej"]
[Black "De Ruiter, Danny"]
[Result "1-0"]
[WhiteTitle "GM"]
[WhiteElo "2567"]
[BlackElo "2235"]
[WhiteFideId "1115120"]
[BlackFideId "1020650"]
[EventDate "2014.10.11"]

1. e4 c5 2. Nf3 e6 3. g3 Nc6 4. Bg2 Nge7 5. O-O g6 6. d4 cxd4 7. Nxd4 a6 8. Bg5
Bg7 9. Nxc6 bxc6 10. Qd6 Bxb2 11. Nd2 f6 12. Bh6 Bxa1 13. Rxa1 Kf7 14. Nc4 Ng8
15. Be3 a5 16. Rd1 Ra6 17. Qb8 Kg7 18. Nd6 Ne7 19. Bf1 c5 20. Bxa6 Bxa6 21. Bh6+ 1-0

[Event "18th Unive Open 2014"]
[Site "Hoogeveen NED"]
[Date "2014.10.13"]
[Round "3.6"]
[White "Van Foreest, Lucas"]
[Black "Mikhalevski, Victor"]
[Result "0-1"]
[BlackTitle "GM"]
[WhiteElo "2314"]
[BlackElo "2550"]
[WhiteFideId "1039792"]
[BlackFideId "2801914"]
[EventDate "2014.10.11"]

1. e4 e5 2. Nf3 Nc6 3. Bc4 Nf6 4. d3 h6 5. c3 d6 6. Bb3 g6 7. Nbd2 Bg7 8. h3 a6
9. Nf1 Na5 10. Bc2 c5 11. Ne3 b5 12. Bd2 Bb7 13. Qe2 Rc8 14. Ng4 Nh5 15. O-O Nf4
16. Bxf4 exf4 17. Qd2 g5 18. Rfe1 Kf8 19. Rad1 Nc6 20. Bb3 h5 21. Ngh2 Ne5 22.
d4 Nxf3+ 23. gxf3 c4 24. Bc2 Bh6 25. Kg2 Rg8 26. d5 g4 27. Kh1 Qh4 28. fxg4 hxg4
29. e5 Qxh3 30. Bf5 f3 0-1